[Event "2BLO 1819 Erfurter SK - Nickelhütte Au"]
[Site "?"]
[Date "2019.02.02"]
[Round "5.6"]
[White "Machelett, Heiko"]
[Black "Langrock, Hannes"]
[Result "0-1"]
[WhiteElo "2377"]
[BlackElo "2373"]
[PlyCount "56"]
[EventDate "2019.??.??"]

1. Nf3 d5 2. b3 Nf6 3. Bb2 e6 4. c4 c5 5. e3 Nc6 6. cxd5 exd5 7. Nc3 d4 8. exd4
cxd4 9. Qe2+ Be7 10. Nb5 O-O 11. Nbxd4 Nxd4 12. Bxd4 Nd5 13. O-O-O Re8 14. Kb1
Bf5+ 15. d3 Ba3 16. Qd2 f6 17. Re1 Rxe1+ 18. Nxe1 Bb4 19. Qc1 Rc8 20. Nc2 Ba5
21. Qd1 Bc3 22. Be3 Qa5 23. Be2 Be5 24. Bd2 Nc3+ 25. Bxc3 Qxc3 26. Qc1 a5 27.
g3 a4 28. b4 Be6 0-1

[Event "2BLO 1819 Erfurter SK - Nickelhütte Au"]
[Site "?"]
[Date "2019.02.02"]
[Round "5.7"]
[White "Eichner, Sebastian"]
[Black "Voekler, Bernd"]
[Result "1/2-1/2"]
[WhiteElo "2349"]
[BlackElo "2354"]
[PlyCount "20"]
[EventDate "2019.??.??"]

1. d4 Nf6 2. c4 g6 3. Nc3 Bg7 4. e4 d6 5. h3 O-O 6. Bg5 c6 7. Nf3 a6 8. Qd2 b5
9. Bd3 Nbd7 10. O-O e5 1/2-1/2

[Event "2BLO 1819 SK König Plauen - TSV Bindla"]
[Site "?"]
[Date "2019.02.02"]
[Round "5.1"]
[White "Kriebel, Tadeas"]
[Black "Mastrovasilis, Dimitrios"]
[Result "1/2-1/2"]
[WhiteElo "2519"]
[BlackElo "2588"]
[PlyCount "83"]
[EventDate "2019.??.??"]

1. e4 e5 2. Nf3 Nc6 3. Bb5 Nf6 4. d3 Bc5 5. Bxc6 dxc6 6. Qe2 Bg4 7. Be3 Nd7 8.
Nbd2 Qe7 9. O-O-O O-O-O 10. h3 Bxf3 11. Nxf3 Bxe3+ 12. Qxe3 c5 13. Nd2 Kb8 14.
Kb1 Nf8 15. f4 exf4 16. Qxf4 Ne6 17. Qg3 Nd4 18. Nc4 f6 19. Rhe1 Rhe8 20. Ne3
Rd7 21. Qh4 h6 22. Qf2 Qd8 23. g4 a6 24. Qg3 Ka8 25. h4 Ka7 26. Rf1 Ka8 27.
Rde1 Ka7 28. a3 Ka8 29. Rf2 Ka7 30. Rg1 Ne6 31. Rff1 Ka8 32. Qf2 Nd4 33. Qg2
Ne6 34. Rf5 Kb8 35. Nc4 Ka7 36. Re1 Qe7 37. Rff1 Nd4 38. e5 Qd8 39. Re4 fxe5
40. Nxe5 Rde7 41. Rfe1 Qd6 42. Nc4 1/2-1/2

[Event "2BLO 1819 SK König Plauen - TSV Bindla"]
[Site "?"]
[Date "2019.02.02"]
[Round "5.2"]
[White "Zawadzka, Jolanta"]
[Black "Petr, Martin"]
[Result "0-1"]
[WhiteElo "2426"]
[BlackElo "2449"]
[PlyCount "114"]
[EventDate "2019.??.??"]

1. e4 e6 2. d4 d5 3. Nc3 Nf6 4. e5 Nfd7 5. f4 c5 6. Nf3 Nc6 7. Be3 a6 8. Qd2 b5
9. dxc5 Bxc5 10. Bd3 Qb6 11. Bf2 Bxf2+ 12. Qxf2 Nc5 13. O-O b4 14. Ne2 a5 15.
Kh1 Rb8 16. Rac1 h6 17. Ng3 g6 18. Qd2 Bd7 19. h3 Ne7 20. Rfd1 Bc6 21. Nd4 h5
22. c3 b3 23. axb3 Nxb3 24. Nxb3 Qxb3 25. Bc2 Qb6 26. b3 Bb5 27. c4 h4 28. Ne2
Bc6 29. Nd4 dxc4 30. bxc4 Rd8 31. Qc3 O-O 32. Nxc6 Nxc6 33. Rd6 Qc5 34. Rcd1
Rc8 35. Rd7 Qf2 36. Qd2 Qxd2 37. R1xd2 Nb4 38. Bb3 Na6 39. Ra7 Nc5 40. Bd1 Ra8
41. Rxa8 Rxa8 42. Ra2 a4 43. Kg1 a3 44. Bc2 Ra5 45. Kf2 Na6 46. Be4 Nb4 47. Ra1
a2 48. Ke3 Ra3+ 49. Kd4 Na6 50. Bb7 Nb4 51. Be4 Kf8 52. Kc5 Rb3 53. Kd6 Rb2 54.
c5 Na6 55. Kc6 Ke7 56. Rc1 Re2 57. Bf3 Rc2 0-1

[Event "2BLO 1819 SK König Plauen - TSV Bindla"]
[Site "?"]
[Date "2019.02.02"]
[Round "5.3"]
[White "Cech, Pavel"]
[Black "Kuraszkiewicz, Michael"]
[Result "1/2-1/2"]
[WhiteElo "2336"]
[BlackElo "2316"]
[PlyCount "85"]
[EventDate "2019.??.??"]

1. e4 c5 2. Nf3 Nc6 3. Bb5 d6 4. O-O Bd7 5. c3 Nf6 6. d4 a6 7. Bxc6 Bxc6 8. d5
Bd7 9. e5 dxe5 10. Nxe5 Bf5 11. c4 g6 12. Nc3 Bg7 13. Re1 O-O 14. h3 Rc8 15.
Qb3 Rc7 16. Bf4 Ne8 17. Ng4 Bxg4 18. Bxc7 Qxc7 19. hxg4 Nf6 20. Qd1 h5 21. gxh5
Qf4 22. g3 Qxc4 23. hxg6 Qb4 24. gxf7+ Rxf7 25. Qe2 Nd7 26. a3 Qb6 27. Ne4 Ne5
28. Ng5 Rf5 29. Ne6 Nf3+ 30. Kg2 Nxe1+ 31. Rxe1 Qxb2 32. Nxg7 Qxg7 33. Rh1 Qe5
34. Qg4+ Kf7 35. Rh7+ Ke8 36. Rh8+ Kd7 37. Rf8 Qxd5+ 38. Kg1 e6 39. Qg7+ Kc6
40. Rc8+ Kb6 41. Qc7+ Ka7 42. Qb8+ Kb6 43. Qc7+ 1/2-1/2

[Event "2BLO 1819 SK König Plauen - TSV Bindla"]
[Site "?"]
[Date "2019.02.02"]
[Round "5.4"]
[White "Sandner, Gunter"]
[Black "Wall, Gavin"]
[Result "1/2-1/2"]
[WhiteElo "2274"]
[BlackElo "2330"]
[PlyCount "38"]
[EventDate "2019.??.??"]

1. Nf3 d6 2. d4 f5 3. g3 Nf6 4. Bg2 g6 5. O-O Bg7 6. c3 O-O 7. Qb3+ e6 8. c4
Ne4 9. Nbd2 Nc6 10. d5 Nc5 11. Qa3 exd5 12. cxd5 Ne7 13. Nb3 Ne4 14. Ng5 Nxd5
15. Nxe4 fxe4 16. Bxe4 Nf6 17. Bg2 Re8 18. Be3 d5 19. Rad1 c6 1/2-1/2

[Event "2BLO 1819 SK König Plauen - TSV Bindla"]
[Site "?"]
[Date "2019.02.02"]
[Round "5.5"]
[White "Krensing, Jan"]
[Black "Kunze, Carlo"]
[Result "1-0"]
[WhiteElo "2357"]
[BlackElo "2253"]
[PlyCount "77"]
[EventDate "2019.??.??"]

1. d4 Nf6 2. c4 d6 3. Nf3 Nbd7 4. Nc3 e5 5. g3 Be7 6. Bg2 O-O 7. O-O c6 8. e4
Re8 9. Re1 Qc7 10. h3 a6 11. a4 a5 12. Be3 exd4 13. Nxd4 Nc5 14. Qc2 Qb6 15.
Rad1 Qb4 16. b3 Bf8 17. Ncb5 Na6 18. Qb1 d5 19. Nc2 Qe7 20. exd5 cxb5 21. axb5
Nb4 22. d6 Qe5 23. Nxb4 axb4 24. c5 Bf5 25. Qc1 Be4 26. Bg5 Qf5 27. g4 Nxg4 28.
hxg4 Qxg4 29. Rxe4 Rxe4 30. f3 Qg3 31. fxe4 Ra2 32. Bd2 b6 33. d7 Qh4 34. c6
Bd6 35. c7 Qh2+ 36. Kf1 Bxc7 37. Qxc7 Qxc7 38. Bg5 Ra1 39. Rxa1 1-0

[Event "2BLO 1819 SK König Plauen - TSV Bindla"]
[Site "?"]
[Date "2019.02.02"]
[Round "5.6"]
[White "Pfretzschner, Roland"]
[Black "Kukel, Imre"]
[Result "1/2-1/2"]
[WhiteElo "2240"]
[BlackElo "2292"]
[PlyCount "141"]
[EventDate "2019.??.??"]

1. e4 c5 2. Nf3 d6 3. c3 Nf6 4. Bd3 Bg4 5. h3 Bh5 6. O-O e6 7. Bc2 Nc6 8. d3 h6
9. Be3 d5 10. Nbd2 Be7 11. Re1 Qc7 12. g4 Bg6 13. e5 Nd7 14. d4 Bxc2 15. Qxc2
g5 16. a3 O-O-O 17. dxc5 h5 18. Bd4 hxg4 19. hxg4 Bxc5 20. b4 Bb6 21. Qd3 f6
22. exf6 Qf4 23. Bxb6 axb6 24. Kf1 Rh3 25. Ke2 Rf8 26. Rh1 Rxh1 27. Rxh1 Qxf6
28. Qe3 Kb8 29. Nxg5 d4 30. Qg3+ Ka7 31. Nh7 d3+ 32. Qxd3 Qxf2+ 33. Kd1 Rd8 34.
Qf1 Qg3 35. Qh3 Qd6 36. Ng5 Nde5 37. Nge4 Qd5 38. Ke2 Nc4 39. Rd1 Nb2 40. Rb1
Nc4 41. Rd1 Nxd2 42. Nxd2 Ne5 43. Qg3 Nc4 44. Qf3 Qd6 45. Ke1 Nxd2 46. Qe3 Rh8
47. Rxd2 Rh1+ 48. Ke2 Rh2+ 49. Kd1 Rh1+ 50. Kc2 Qc6 51. Qd4 Re1 52. Rd1 e5 53.
Qd7 Qe4+ 54. Kb2 Re2+ 55. Rd2 Rxd2+ 56. Qxd2 Qxg4 57. Qc2 Qd7 58. Qe4 Qd6 59.
c4 Kb8 60. Kc3 Kc7 61. Qh7+ Kb8 62. Qe4 Ka7 63. Qd5 Qf6 64. Qe4 Qf1 65. Kb3
Qd1+ 66. Kc3 Qa1+ 67. Kb3 Kb8 68. Qg6 Qd1+ 69. Kc3 Qd4+ 70. Kb3 e4 71. Qe8+
1/2-1/2

[Event "2BLO 1819 SK König Plauen - TSV Bindla"]
[Site "?"]
[Date "2019.02.02"]
[Round "5.7"]
[White "Stips, Felix"]
[Black "Hoerr, Matthias"]
[Result "1/2-1/2"]
[WhiteElo "2290"]
[BlackElo "2169"]
[PlyCount "89"]
[EventDate "2019.??.??"]

1. Nf3 c5 2. c4 g6 3. e4 Nc6 4. d4 cxd4 5. Nxd4 Nf6 6. Nc3 d6 7. Be2 Nxd4 8.
Qxd4 Bg7 9. Bg5 O-O 10. Rc1 Be6 11. Qd2 Qa5 12. O-O Rfc8 13. b3 a6 14. f4 Rc5
15. Qe3 Rac8 16. Na4 R5c6 17. a3 b5 18. f5 bxa4 19. fxe6 axb3 20. exf7+ Kf8 21.
Bxf6 exf6 22. Qxb3 Rb6 23. Qh3 Qc5+ 24. Kh1 Kxf7 25. Qd7+ Kf8 26. Bg4 Rcb8 27.
Be6 R6b7 28. Qa4 Ke7 29. Bd5 Rb3 30. Qxa6 Rxa3 31. Qc6 Qxc6 32. Bxc6 Rb2 33.
Rb1 Raa2 34. Rxb2 Rxb2 35. Bd5 f5 36. exf5 gxf5 37. g3 Kf6 38. Be4 Ke5 39. Bxf5
h6 40. Bh7 Kd4 41. Rf4+ Ke3 42. Re4+ Kf3 43. Rf4+ Ke3 44. Re4+ Kf3 45. Rf4+
1/2-1/2

[Event "2BLO 1819 SK König Plauen - TSV Bindla"]
[Site "?"]
[Date "2019.02.02"]
[Round "5.8"]
[White "Zaehringer, Daniel"]
[Black "Delitzsch, Juergen"]
[Result "1-0"]
[WhiteElo "2148"]
[BlackElo "2193"]
[PlyCount "97"]
[EventDate "2019.??.??"]

1. d4 Nf6 2. c4 g6 3. Nc3 Bg7 4. e4 d6 5. f3 O-O 6. Be3 Nc6 7. Nge2 a6 8. Qd2
Rb8 9. Rc1 Bd7 10. Nd1 b5 11. c5 e6 12. Nf2 Re8 13. Nd3 e5 14. d5 Nd4 15. c6
Bc8 16. Nf2 Nxe2 17. Bxe2 Nh5 18. g4 Nf4 19. Rg1 Bf6 20. Kd1 b4 21. Nd3 Nxe2
22. Kxe2 a5 23. g5 Bg7 24. h4 Ba6 25. Rg3 h5 26. gxh6 Qxh4 27. Rcg1 Bf8 28. Kd1
Bxd3 29. h7+ Qxh7 30. Qxd3 Qh2 31. R1g2 Qh1+ 32. Rg1 Qh2 33. R3g2 Qh3 34. Qf1
Bg7 35. Rh1 Qc8 36. Rg4 b3 37. a3 Ra8 38. Qh3 Qa6 39. Qh7+ Kf8 40. Bh6 Qd3+ 41.
Ke1 Bxh6 42. Qxh6+ Ke7 43. Qg5+ f6 44. Rh7+ Kd8 45. Qxf6+ Kc8 46. Qf7 Qe3+ 47.
Kf1 Qd3+ 48. Kg1 Qe3+ 49. Kh1 1-0

[Event "2BLO 1819 FC Bayern München - SK Passa"]
[Site "?"]
[Date "2019.02.03"]
[Round "6.1"]
[White "Schwabeneder, Florian"]
[Black "Dragnev, Valentin"]
[Result "0-1"]
[WhiteElo "2458"]
[BlackElo "2511"]
[PlyCount "76"]
[EventDate "2019.??.??"]

1. c4 e6 2. Nc3 d5 3. e3 Nf6 4. b3 c5 5. cxd5 exd5 6. Nf3 d4 7. Bb5+ Nc6 8.
exd4 cxd4 9. Ne2 Bc5 10. O-O O-O 11. Bxc6 bxc6 12. Bb2 d3 13. Ng3 Re8 14. Re1
Ng4 15. Rxe8+ Qxe8 16. Bd4 Bxd4 17. Nxd4 Bd7 18. Qf1 c5 19. Re1 Qd8 20. Ndf5
Be6 21. h3 Nf6 22. Rc1 g6 23. Ne3 Qd4 24. Rc3 Rd8 25. Kh1 h5 26. Qe1 h4 27.
Ngf1 Ne4 28. Rc1 Ng5 29. Nc4 Bxh3 30. Qe3 Qd5 31. f3 Bd7 32. Qf4 Ne6 33. Qxh4
Kg7 34. Nfe3 Qd4 35. Qxd4+ cxd4 36. Nd5 Bc6 37. Nb4 Nf4 38. Re1 Ne2 0-1

[Event "2BLO 1819 FC Bayern München - SK Passa"]
[Site "?"]
[Date "2019.02.03"]
[Round "6.2"]
[White "Studer, Noel"]
[Black "Wisnet, Dominic"]
[Result "1/2-1/2"]
[WhiteElo "2494"]
[BlackElo "2290"]
[PlyCount "120"]
[EventDate "2019.??.??"]

1. b3 d6 2. Bb2 Bg4 3. f3 Bh5 4. d4 d5 5. Nh3 e6 6. e3 Bd6 7. c4 c6 8. Nc3 Nd7
9. Qd2 Ngf6 10. Nf2 Qe7 11. g4 Bg6 12. f4 Ne4 13. Nfxe4 Bxe4 14. Nxe4 dxe4 15.
O-O-O O-O 16. Rg1 Ba3 17. Bg2 f5 18. gxf5 exf5 19. Bh3 Rf6 20. Rg5 Bxb2+ 21.
Qxb2 Raf8 22. Rdg1 R8f7 23. Bf1 c5 24. d5 a5 25. Be2 Rb6 26. h4 Qf6 27. Bh5
Qxb2+ 28. Kxb2 g6 29. Be2 Nf8 30. Kc3 Kg7 31. a3 Kf6 32. Rb1 Rd7 33. Rgg1 Ra6
34. b4 axb4+ 35. axb4 b6 36. bxc5 bxc5 37. Rb8 Ra3+ 38. Kd2 Ke7 39. Rgb1 Rda7
40. R1b6 Nd7 41. Re6+ Kf7 42. Rb2 Ra2 43. Rxa2 Rxa2+ 44. Ke1 Ra3 45. Kf2 Ra2
46. Rc6 Rb2 47. Ra6 Ke7 48. Kf1 Rb1+ 49. Kf2 Rb2 50. Ra7 Kd6 51. Ke1 Rb1+ 52.
Bd1 Nb6 53. Ra6 Ke7 54. Ra7+ Kd6 55. Ra6 Ke7 56. Ra7+ Kd8 57. Kd2 Rb2+ 58. Ke1
Rb1 59. Ke2 Rb2+ 60. Ke1 Rb1 1/2-1/2

[Event "2BLO 1819 FC Bayern München - SK Passa"]
[Site "?"]
[Date "2019.02.03"]
[Round "6.3"]
[White "Schmidt, Peter"]
[Black "Bischoff, Klaus"]
[Result "0-1"]
[WhiteElo "2403"]
[BlackElo "2510"]
[PlyCount "68"]
[EventDate "2019.??.??"]

1. Nf3 Nf6 2. g3 d5 3. Bg2 e6 4. O-O Be7 5. d4 b5 6. Bg5 Nbd7 7. Nbd2 O-O 8. c3
a5 9. a4 b4 10. cxb4 Bxb4 11. Ne5 Nxe5 12. dxe5 h6 13. Bxf6 gxf6 14. Nf3 f5 15.
Qc1 Kh7 16. Rd1 c5 17. Qf4 Rg8 18. h3 Qe7 19. g4 Ba6 20. Bf1 fxg4 21. hxg4
Rxg4+ 22. Qxg4 Rg8 23. Qxg8+ Kxg8 24. Kh2 f6 25. e3 Bxf1 26. Rxf1 Qh7 27. Rg1+
Kf7 28. Rg4 Qc2 29. Kg2 c4 30. Rh1 f5 31. Rd4 Bf8 32. Rd2 Qxa4 33. Rdd1 Qb4 34.
Ra1 c3 0-1

[Event "2BLO 1819 FC Bayern München - SK Passa"]
[Site "?"]
[Date "2019.02.03"]
[Round "6.4"]
[White "Fedorovsky, Michael"]
[Black "Weiss, Christian"]
[Result "1-0"]
[WhiteElo "2458"]
[BlackElo "2377"]
[PlyCount "61"]
[EventDate "2019.??.??"]

1. d4 Nf6 2. c4 c5 3. d5 e6 4. Nc3 exd5 5. cxd5 d6 6. e4 g6 7. h3 a6 8. a4 Bg7
9. Nf3 O-O 10. Bd3 Re8 11. O-O Nbd7 12. Re1 Qe7 13. a5 h6 14. Be3 g5 15. Rb1
Nh7 16. Qc2 Nhf8 17. Na4 Ng6 18. b4 cxb4 19. Rxb4 Nge5 20. Nxe5 Nxe5 21. Be2
Bd7 22. Nb6 Rad8 23. Qc7 g4 24. hxg4 Qh4 25. Nxd7 Rxd7 26. Qc1 Nxg4 27. Bxg4
Qxg4 28. Bxh6 f5 29. exf5 Qxb4 30. Rxe8+ Kf7 31. Bxg7 1-0

[Event "2BLO 1819 FC Bayern München - SK Passa"]
[Site "?"]
[Date "2019.02.03"]
[Round "6.5"]
[White "Testor, Sebastian"]
[Black "Zajogin, Alexander"]
[Result "0-1"]
[WhiteElo "2304"]
[BlackElo "2413"]
[PlyCount "48"]
[EventDate "2019.??.??"]

1. d4 Nf6 2. Nf3 e6 3. c4 Bb4+ 4. Nbd2 O-O 5. a3 Be7 6. e4 d5 7. e5 Nfd7 8. Bd3
f6 9. Qc2 fxe5 10. Bxh7+ Kh8 11. dxe5 Nc6 12. Qg6 Rf5 13. Qxe6 Ndxe5 14. Qxf5
Bxf5 15. Bxf5 dxc4 16. O-O Nxf3+ 17. Nxf3 Qd5 18. Bc2 Ne5 19. Nxe5 Qxe5 20. Rb1
Bd6 21. g3 Qe2 22. Bg6 Bc5 23. Bf4 Rf8 24. h3 Rf6 0-1

[Event "2BLO 1819 FC Bayern München - SK Passa"]
[Site "?"]
[Date "2019.02.03"]
[Round "6.6"]
[White "Lokander, Martin"]
[Black "Hiermann, Dietmar"]
[Result "1-0"]
[WhiteElo "2415"]
[BlackElo "2218"]
[PlyCount "33"]
[EventDate "2019.??.??"]

1. Nf3 d5 2. c4 e6 3. g3 Nf6 4. Bg2 Be7 5. O-O O-O 6. b3 c5 7. Bb2 b6 8. e3 Bb7
9. Nc3 Nbd7 10. Qe2 Rc8 11. Rad1 Qc7 12. Nh4 Rfd8 13. f4 Ne4 14. cxd5 exd5 15.
Nb5 Qb8 16. Nf5 Bf8 17. Nh6+ 1-0

[Event "2BLO 1819 FC Bayern München - SK Passa"]
[Site "?"]
[Date "2019.02.03"]
[Round "6.7"]
[White "Hellmayr, Alois"]
[Black "Meister, Peter"]
[Result "0-1"]
[WhiteElo "2255"]
[BlackElo "2359"]
[PlyCount "78"]
[EventDate "2019.??.??"]

1. Nf3 g6 2. d4 Bg7 3. e4 d6 4. Nbd2 Nd7 5. c3 e5 6. dxe5 dxe5 7. Nc4 Qe7 8. b3
Ngf6 9. Ba3 Nc5 10. Nfd2 O-O 11. Qc2 b5 12. Ne3 c6 13. c4 Nd3+ 14. Bxd3 Qxa3
15. cxb5 cxb5 16. Bxb5 Bb7 17. O-O Rad8 18. Rad1 Rd4 19. f3 Bh6 20. Rfe1 Bxe3+
21. Rxe3 Rfd8 22. Rd3 Qb4 23. Rxd4 Qxd4+ 24. Kh1 Bxe4 25. Qc7 Bf5 26. Bc4 Rd7
27. Qc6 Kg7 28. g4 Bc2 29. g5 Nh5 30. Bb5 Bxd1 31. Qxd7 Qe3 32. Bc4 Bxf3+ 33.
Nxf3 Qxf3+ 34. Kg1 Qe3+ 35. Kf1 Qf4+ 36. Ke1 Qe4+ 37. Kd2 Qf4+ 38. Kc3 a5 39.
Qa4 Qc1+ 0-1

[Event "2BLO 1819 FC Bayern München - SK Passa"]
[Site "?"]
[Date "2019.02.03"]
[Round "6.8"]
[White "Rafiee, Makan"]
[Black "Mostbauer, Florian"]
[Result "1/2-1/2"]
[WhiteElo "2356"]
[BlackElo "2345"]
[PlyCount "51"]
[EventDate "2019.??.??"]

1. e4 c6 2. d4 d5 3. Nc3 dxe4 4. Nxe4 Nd7 5. Ng5 Ngf6 6. Bd3 e6 7. N1f3 Bd6 8.
Qe2 h6 9. Ne4 Nxe4 10. Qxe4 Nf6 11. Qe2 Qc7 12. Bd2 b6 13. O-O-O Bb7 14. Kb1
O-O-O 15. c4 c5 16. Bc3 Rhe8 17. Rhe1 Kb8 18. g3 e5 19. dxe5 Bxf3 20. Qxf3 Bxe5
21. Bxe5 Rxe5 22. Bf1 Rxe1 23. Rxe1 Qb7 24. Qf4+ Qc7 25. Qf5 Qd7 26. Qf4+
1/2-1/2

[Event "2BLO 1819 Münchner SC 1836 - SC NT Nü"]
[Site "?"]
[Date "2019.02.03"]
[Round "6.1"]
[White "Maximov, Dmitry"]
[Black "Jones, Gawain C B"]
[Result "1-0"]
[WhiteElo "2482"]
[BlackElo "2691"]
[PlyCount "111"]
[EventDate "2019.??.??"]

1. e4 c5 2. Nf3 d6 3. c3 Nf6 4. Bc4 Nc6 5. d3 g6 6. O-O Bg7 7. Bb3 O-O 8. h3 b6
9. Qe2 Ba6 10. Bf4 e6 11. Nbd2 h6 12. Rad1 Rc8 13. Rfe1 d5 14. e5 Nd7 15. Nf1
Na5 16. Bc2 f6 17. exf6 Qxf6 18. Bg3 Rfe8 19. Ne3 Nc6 20. Qd2 Nde5 21. Nxe5
Nxe5 22. d4 cxd4 23. Qxd4 Bb7 24. Bxe5 Qxe5 25. Qxe5 Bxe5 26. Ng4 Bg7 27. Bxg6
Re7 28. Re2 Rd8 29. Rde1 Rd6 30. Bc2 Bc8 31. Ne5 Rc7 32. Bb3 b5 33. a3 a5 34.
Rd2 Rb6 35. Rd4 Ba6 36. Re3 b4 37. cxb4 axb4 38. a4 Bc4 39. Bd1 b3 40. Rf4 Ra6
41. Bg4 Bxe5 42. Rxe5 Re7 43. Kh2 Rf7 44. Bxe6 Rxe6 45. Rg4+ Kf8 46. Rxe6 Rxf2
47. Rxh6 Rxb2 48. Rf6+ Ke7 49. Rb6 Kf7 50. Rgg6 Re2 51. Rgc6 Ke7 52. a5 Kd7 53.
a6 Re8 54. Rh6 Kc7 55. Rb7+ Kc8 56. Rc6+ 1-0

[Event "2BLO 1819 Münchner SC 1836 - SC NT Nü"]
[Site "?"]
[Date "2019.02.03"]
[Round "6.2"]
[White "Tabatabaei, M.amin"]
[Black "Milov, Leonid"]
[Result "1-0"]
[WhiteElo "2602"]
[BlackElo "2464"]
[PlyCount "95"]
[EventDate "2019.??.??"]

1. d4 d5 2. Nf3 c6 3. c4 Nf6 4. e3 g6 5. Nc3 Bg7 6. Be2 O-O 7. O-O a5 8. h3 e6
9. b3 Re8 10. Ne5 Ne4 11. Nxe4 dxe4 12. Bb2 f6 13. Ng4 Nd7 14. c5 Qc7 15. Qc2
f5 16. Ne5 Nxe5 17. dxe5 Bxe5 18. Bxe5 Qxe5 19. Rad1 Qg7 20. Rd6 e5 21. Bc4+
Kh8 22. Rfd1 f4 23. Qxe4 Bf5 24. Qf3 g5 25. Qh5 Rf8 26. Bd3 Qg6 27. Qxg6 Bxg6
28. Rd7 Rae8 29. Bc4 e4 30. a3 Re5 31. b4 axb4 32. axb4 Rb8 33. Rc7 Bf5 34. Rd6
fxe3 35. fxe3 g4 36. hxg4 Bxg4 37. Rh6 Bf5 38. Rh5 Rbe8 39. Rxb7 Bg6 40. Rxe5
Rxe5 41. Rc7 Be8 42. Bb3 h6 43. Bc4 h5 44. Kh2 h4 45. Bb3 Bg6 46. Rxc6 Rg5 47.
b5 Rg4 48. b6 1-0

[Event "2BLO 1819 Münchner SC 1836 - SC NT Nü"]
[Site "?"]
[Date "2019.02.03"]
[Round "6.3"]
[White "Yelisieiev, Yevhenii"]
[Black "Speelman, Jon S"]
[Result "0-1"]
[WhiteElo "2389"]
[BlackElo "2509"]
[PlyCount "148"]
[EventDate "2019.??.??"]

1. d4 e6 2. c4 b6 3. e4 Bb4+ 4. Bd2 Bxd2+ 5. Qxd2 d5 6. cxd5 exd5 7. exd5 Ne7
8. Bb5+ Bd7 9. Bc4 O-O 10. Nc3 Bc8 11. Nge2 Bb7 12. O-O Nd7 13. d6 cxd6 14.
Rfe1 Rc8 15. Bb3 a6 16. Ng3 Nf6 17. Re2 b5 18. Rae1 Ng6 19. Nf5 b4 20. Nd1 a5
21. Qg5 Nd5 22. Qxd8 Rfxd8 23. f3 Kf8 24. g3 Nb6 25. Kg2 Ba6 26. Rd2 a4 27. Bc2
Bc4 28. b3 Be6 29. Nde3 axb3 30. axb3 Rc3 31. Rde2 Nd5 32. Nxd5 Bxd5 33. Ne3
Ne7 34. Nxd5 Nxd5 35. Be4 Nf6 36. Re3 Rdc8 37. Kf2 g6 38. Rxc3 Rxc3 39. Re3 Rc8
40. h3 d5 41. Bd3 Ne8 42. Ke2 Ra8 43. Kd2 Ra2+ 44. Bc2 Ng7 45. Kc1 Ne6 46. Rd3
Ke7 47. f4 Ra1+ 48. Bb1 h5 49. Kb2 Ra8 50. Bc2 h4 51. f5 gxf5 52. gxh4 Rh8 53.
Rf3 f4 54. Bf5 Rxh4 55. Rd3 Ng7 56. Bg4 f5 57. Be2 Ne6 58. Bf1 Ng5 59. Kc2 f3
60. Kd2 Re4 61. Re3 Kf6 62. Rxe4 fxe4 63. Ke3 Ne6 64. Ba6 Ng7 65. Bb7 Nf5+ 66.
Kf2 Nxd4 67. Bxd5 Ke5 68. Bc4 Kf4 69. h4 e3+ 70. Ke1 Kg3 71. h5 e2 72. Bxe2
fxe2 73. h6 Kf3 74. h7 Ke3 0-1

[Event "2BLO 1819 Münchner SC 1836 - SC NT Nü"]
[Site "?"]
[Date "2019.02.03"]
[Round "6.4"]
[White "Schnider, Gert"]
[Black "Mischustov, Michael"]
[Result "1/2-1/2"]
[WhiteElo "2422"]
[BlackElo "2333"]
[PlyCount "53"]
[EventDate "2019.??.??"]

1. e4 e6 2. d4 d5 3. Nc3 Bb4 4. a3 Bxc3+ 5. bxc3 c5 6. exd5 exd5 7. dxc5 Nc6 8.
Bd3 Nf6 9. Ne2 Qa5 10. O-O O-O 11. Be3 Ng4 12. Bd4 Qc7 13. g3 Nge5 14. Nf4 Rd8
15. Kg2 Nxd3 16. cxd3 b6 17. cxb6 axb6 18. Qb3 Nxd4 19. cxd4 Qd6 20. Qb4 g5 21.
Qxd6 Rxd6 22. Ne2 Bf5 23. Rfd1 Rc6 24. Rd2 b5 25. Rb1 Rxa3 26. Rxb5 Bxd3 27.
Rb8+ 1/2-1/2

[Event "2BLO 1819 Münchner SC 1836 - SC NT Nü"]
[Site "?"]
[Date "2019.02.03"]
[Round "6.5"]
[White "Kirchner, Thomas"]
[Black "Berchtenbreiter, Maximilian"]
[Result "0-1"]
[WhiteElo "2337"]
[BlackElo "2432"]
[PlyCount "80"]
[EventDate "2019.??.??"]

1. e4 g6 2. d4 c6 3. c4 d5 4. Nc3 dxe4 5. Nxe4 Nf6 6. Nc3 Bg7 7. Nf3 O-O 8. Be2
c5 9. d5 e6 10. O-O exd5 11. cxd5 b6 12. Bc4 Re8 13. d6 Be6 14. Bxe6 Rxe6 15.
Bf4 Nh5 16. Bg5 Qxd6 17. Qb3 Nc6 18. Rad1 Nd4 19. Nxd4 cxd4 20. Nb5 Qc5 21. Bd2
a6 22. Na3 b5 23. Rc1 Qf5 24. Nc2 Re2 25. Rcd1 Rc8 26. Nb4 a5 27. Nd3 a4 28.
Qa3 Rxd2 29. Rxd2 Bf8 30. b4 Rc3 31. Qb2 Rxd3 32. Rfd1 Rxd2 33. Qxd2 Nf4 34. g3
Ne6 35. a3 Ng5 36. Qe2 Qd5 37. h4 Nf3+ 38. Kf1 Ne5 39. Kg1 d3 40. Qe3 d2 0-1

[Event "2BLO 1819 Münchner SC 1836 - SC NT Nü"]
[Site "?"]
[Date "2019.02.03"]
[Round "6.6"]
[White "Lapcevic, Milos"]
[Black "Promyshlyanskiy, Vitaliy"]
[Result "1/2-1/2"]
[WhiteElo "2397"]
[BlackElo "2285"]
[PlyCount "47"]
[EventDate "2019.??.??"]

1. d4 Nf6 2. c4 g6 3. Nc3 Bg7 4. e4 O-O 5. Be2 d6 6. Bg5 Na6 7. Nf3 h6 8. Be3
e5 9. O-O c6 10. d5 c5 11. Ne1 Qe7 12. a3 Nd7 13. Qd2 Kh7 14. Nd3 f5 15. exf5
gxf5 16. f4 e4 17. Nf2 Nc7 18. b4 b6 19. Rab1 Ba6 20. Rfd1 Rg8 21. Na4 cxb4 22.
axb4 b5 23. cxb5 Bxb5 24. Rdc1 1/2-1/2

[Event "2BLO 1819 Münchner SC 1836 - SC NT Nü"]
[Site "?"]
[Date "2019.02.03"]
[Round "6.7"]
[White "Hoffmann, Sebastian"]
[Black "Haasler, Andreas"]
[Result "1-0"]
[WhiteElo "2102"]
[BlackElo "2255"]
[PlyCount "103"]
[EventDate "2019.??.??"]

1. e4 e6 2. d4 d5 3. exd5 exd5 4. Nf3 Nc6 5. Nc3 Bg4 6. Bb5 Bb4 7. h3 Bh5 8. g4
Bg6 9. Ne5 Nge7 10. Qe2 O-O 11. Nxg6 Nxg6 12. Be3 Qd6 13. O-O-O Bxc3 14. bxc3
Qa3+ 15. Kd2 Na5 16. h4 a6 17. Bd3 Rfe8 18. Qf3 Nf8 19. Qxd5 Rad8 20. Qf5 Qxa2
21. Rb1 b5 22. h5 Re6 23. Qc5 Rc6 24. Qb4 Nc4+ 25. Ke2 Re8 26. Rb3 Ne6 27. Kf3
Nxe3 28. fxe3 Ng5+ 29. Kf4 h6 30. e4 Rf6+ 31. Ke3 Nxe4 32. Bxe4 Rfe6 33. Kd2
Rxe4 34. Rh2 Rxg4 35. Rf2 Rg1 36. Qa3 Qa1 37. Qxa1 Rxa1 38. c4 c6 39. d5 Rd8
40. Kc3 Ra4 41. Rb4 Ra5 42. dxc6 Rd6 43. c5 Rd5 44. Rd4 b4+ 45. Rxb4 Rd8 46.
Kc4 Rc8 47. Rb6 Ra4+ 48. Kb3 Ra1 49. Rd2 Rb1+ 50. Ka2 Rh1 51. Rb8 Rxb8 52. c7
1-0

[Event "2BLO 1819 Münchner SC 1836 - SC NT Nü"]
[Site "?"]
[Date "2019.02.03"]
[Round "6.8"]
[White "Ciolek, Andreas"]
[Black "Heimrath, Reiner"]
[Result "1/2-1/2"]
[WhiteElo "2297"]
[BlackElo "2232"]
[PlyCount "69"]
[EventDate "2019.??.??"]

1. e4 c5 2. Nf3 d6 3. d4 cxd4 4. Qxd4 Nc6 5. Bb5 Bd7 6. Bxc6 Bxc6 7. Nc3 e6 8.
Bg5 Nf6 9. O-O-O Be7 10. Qd3 Qa5 11. h4 a6 12. Nd4 Rd8 13. Kb1 h6 14. Bxf6 Bxf6
15. f4 Qb6 16. Nde2 Qc5 17. g4 b5 18. g5 Bxc3 19. Nxc3 b4 20. Ne2 Bb5 21. Qf3
hxg5 22. hxg5 Rxh1 23. Rxh1 Rc8 24. Rh8+ Kd7 25. Rxc8 Kxc8 26. Nc1 Qd4 27. e5
d5 28. g6 fxg6 29. Qg4 Kd7 30. Qxg6 Qxf4 31. Qxg7+ Kc6 32. Qh8 Kc7 33. Qg7+ Kb6
34. Qh8 Kc7 35. Qg7+ 1/2-1/2

[Event "2BLO 1819 SK Weilheim - SC Garching"]
[Site "?"]
[Date "2019.02.03"]
[Round "6.1"]
[White "Stocek, Jiri"]
[Black "Lehner, Oliver"]
[Result "1-0"]
[WhiteElo "2587"]
[BlackElo "2400"]
[PlyCount "31"]
[EventDate "2019.??.??"]

1. d4 Nf6 2. c4 g6 3. Nc3 Bg7 4. e4 d6 5. Be2 O-O 6. Be3 Nbd7 7. Nf3 e5 8. d5
Ng4 9. Bg5 f6 10. Bd2 f5 11. exf5 gxf5 12. Ng5 Ndf6 13. h3 Nh6 14. g4 Kh8 15.
Ne6 Bxe6 16. g5 1-0